000 00858nam a2200241Ii 4500
003 JO-AjNU
008 230605s9999||||xx |||||||||||||| ||und||
017 _a2000/8507
020 _a977-270-607-5
040 _aJO-AjNU
_bara
_erda
_cJO-AjNU
041 _aara
050 1 4 _aCT205.F7080 2001
100 3 _aشاكر، فؤاد,
_eauthor
_915687
245 0 0 _aحصاد القرن العشرين: رجال صاغوا القرن العشرين
250 _aط1
264 3 1 _aالقاهرة: الدار المصرية اللبنانية،2001
300 _a398ص
_bصور فوتوغرافية
336 _atext
_btxt
_2rdacontent
337 _aunmediated
_bn
_2rdamedia
338 _avolume
_bnc
_2rdacarrier
490 0 _aحصاد القرن العشرين
650 4 _aتراجم القرن 20 - العالم - تاريخ - القرن20
_915688
999 _aA4488
_c8056
_d8056